Statistics for All Gorillaz Songs (up to Cracker Island)

Click here to take the quiz!

General Stats

  • This quiz has been taken 250 times
    (212 since last reset)
  • The average score is 88 of 175

Answer Stats

Answer% Correct
Clint Eastwood
93%
Feel Good Inc.
92%
Cracker Island
86%
Dare
85%
Plastic Beach
82%
Tranz
82%
Tomorrow Comes Today
81%
19-2000
80%
Demon Days
80%
Dirty Harry
78%
Humility
78%
Rhinestone Eyes
78%
Rock the House
76%
Stylo
75%
5/4
74%
El Mańana
72%
El Mañana
72%
Kids with Guns
72%
Empire Ants
71%
On Melancholy Hill
71%
O Green World
67%
Intro
66%
New Gold
66%
Oil
66%
Saturnz Barz
65%
Don't Get Lost in Heaven
64%
Superfast Jellyfish
64%
November Has Come
63%
Pac-Man
63%
Re-Hash
63%
Andromeda
62%
M1 A1
62%
White Light
62%
Fire Coming out of the Monkey's Head
61%
Last Living Souls
61%
Silent Running
61%
Broken
60%
Baby Queen
59%
Désolé
59%
Kansas
59%
Momentary Bliss
59%
Souk Eye
59%
She's My Collar
58%
Tarantula
58%
Welcome to the World of the Plastic Beach
58%
Aries
57%
Every Planet We Reach Is Dead
57%
Hollywood
57%
Latin Simone
57%
Latin Simone (¿Qué Pasa Contigo?)
57%
Revolving Doors
57%
Strange Timez
57%
Tormenta
57%
Fire Flies
56%
The Pink Phantom
56%
All Alone
55%
Idaho
55%
Ascension
54%
Double Bass
54%
Punk
54%
Skinny Ape
54%
Strobelite
54%
The Lost Chord
54%
The Valley of the Pagans
54%
We Got the Power
53%
White Flag
53%
Charger
52%
Momentz
52%
To Binge
52%
Pirate Jet
51%
Ghost Train
50%
Glitter Freeze
50%
Magic City
50%
Murdoc Is God
50%
People
50%
Some Kind of Nature
50%
Sex Murder Party
49%
The Tired Influencer
49%
Dracula
48%
Hong Kong
48%
Orchestral Intro
47%
Rockit
47%
Doncamatic
46%
Lake Zurich
46%
Sweepstakes
46%
Possession Island
45%
Starshine
45%
Amarillo
44%
Let Me Out
44%
Meanwhile
44%
Sound Check(Gravity)
44%
Submission
44%
Busted and Blue
43%
Chalk Tablet Towers
43%
Cloud of Unknowing
43%
Captain Chicken
42%
Friday 13th
42%
New Genius(Brother)
42%
One Percent
42%
Slow Country
42%
Sorcererz
42%
Controllah
41%
Crocadillaz
41%
Dead Butterflies
40%
Detroit
40%
Opium
40%
DoYaThing
39%
Hallelujah Money
39%
Left Hand Suzuki Method
39%
With Love to an Ex
39%
Bill Murray
38%
Hongkongaton
38%
Jimmy Jimmy
37%
Little Pink Plastic Bags
37%
Man Research(Clapper)
37%
Carnival
36%
Déjà vu
36%
How Far?
36%
Ticker Tape
36%
12D3
34%
MLS
34%
Seattle Yodel
34%
68 State
33%
Circle of Friends
33%
Faust
33%
The Apprentice
33%
The Joplin Spider
33%
Bobby in Phoenix
32%
Interlude:Elevator Going Up
32%
Phoner to Arizona
32%
Spitting out the Demons
32%
Stop the Dams
32%
The Swagga
32%
Aspen Forest
31%
Out of Body
31%
Interlude:The Elephant
30%
We Are Happy Landfill
30%
Highway(Under Construction)
29%
Hillbilly Man
29%
Intro:I Switched My Robot Off
29%
Interlude: Penthouse
28%
Simplicity
28%
Hip Albatross
27%
Severed Head
27%
The Parish of Space Dust
27%
Shy-Town
26%
911
25%
Halfway to the Halfway House
25%
The Snake in Dallas
25%
The Sounder
25%
California and the Slipping of the Sun
24%
Interlude:New World
24%
Interlude:The Non-Conformist Oath
24%
The Speak-It Mountains
23%
Interlude:Talk Radio
22%
Pirate's Progress
19%
Samba at 13
15%
Taxi Back to 80s Reykjavik
13%
Three Hearts, Seven Seas, Twelve Moons
13%

Score Distribution

Percentile by Number Answered

Percent of People with Each Score

Your Score History

You have not taken this quiz since the last reset